ARRUPE JESUIT UNIVERSITY

CORONAVIRUS -STOP THE SPREAD - CLEAN,DISINFECT,COVER

Jesus and his contemporaries : (Record no. 126884)

MARC details
000 -LEADER
fixed length control field 01287cam a2200313 a 4500
001 - CONTROL NUMBER
control field 3489445
003 - CONTROL NUMBER IDENTIFIER
control field ARRUPE
005 - DATE AND TIME OF LATEST TRANSACTION
control field 20170904122958.0
008 - FIXED-LENGTH DATA ELEMENTS--GENERAL INFORMATION
fixed length control field 941214s1995 ne b 001 0beng
010 ## - LIBRARY OF CONGRESS CONTROL NUMBER
LC control number 94046956
020 ## - INTERNATIONAL STANDARD BOOK NUMBER
International Standard Book Number 9004102795 (alk. paper)
040 ## - CATALOGING SOURCE
Original cataloging agency DLC
Transcribing agency DLC
Modifying agency DLC
050 00 - LIBRARY OF CONGRESS CALL NUMBER
Classification number BT340
Item number .E93 1995
082 00 - DEWEY DECIMAL CLASSIFICATION NUMBER
Classification number 232.9/01
-- B
Edition number 20
300 ## - PHYSICAL DESCRIPTION
Dimensions 25 cm.
100 1# - MAIN ENTRY--PERSONAL NAME
Personal name Evans, Craig A.
9 (RLIN) 20965
245 10 - TITLE STATEMENT
Title Jesus and his contemporaries :
Remainder of title comparative studies /
Statement of responsibility, etc by Craig A. Evans.
260 ## - PUBLICATION, DISTRIBUTION, ETC. (IMPRINT)
Place of publication, distribution, etc Boston
Name of publisher, distributor, etc Brill Academic Publishers, Inc.
Date of publication, distribution, etc 2001
300 ## - PHYSICAL DESCRIPTION
Extent xiii, 532 p. ;
504 ## - BIBLIOGRAPHY, ETC. NOTE
Bibliography, etc Includes bibliographical references (p. [461]-491) and indexes.
600 00 - SUBJECT ADDED ENTRY--PERSONAL NAME
Personal name Jesus Christ
General subdivision Biography
-- Public life.
9 (RLIN) 35576
600 00 - SUBJECT ADDED ENTRY--PERSONAL NAME
Personal name Jesus Christ
General subdivision Friends and associates.
9 (RLIN) 7401
600 00 - SUBJECT ADDED ENTRY--PERSONAL NAME
Personal name Jesus Christ
General subdivision Historicity.
9 (RLIN) 558
650 #0 - SUBJECT ADDED ENTRY--TOPICAL TERM
Topical term or geographic name as entry element Messiah.
9 (RLIN) 35577
830 #0 - SERIES ADDED ENTRY--UNIFORM TITLE
Uniform title Arbeiten zur Geschichte des antiken Judentums und des Urchristentums ;
Volume number/sequential designation Bd. 25.
9 (RLIN) 35578
906 ## - LOCAL DATA ELEMENT F, LDF (RLIN)
a 7
b cbc
c orignew
d 1
e ocip
f 19
g y-gencatlg
942 ## - ADDED ENTRY ELEMENTS (KOHA)
Source of classification or shelving scheme Library of Congress Classification
Koha item type Monograph ( Printed materials)
Holdings
Withdrawn status Lost status Source of classification or shelving scheme Damaged status Not for loan Collection code Home library Current library Shelving location Date acquired Total Checkouts Full call number Barcode Date last seen Price effective from Koha item type
    Library of Congress Classification     Main Collection ARRUPE LIBRARY ARRUPE LIBRARY Main Collection 04/09/2017   BT340 .E93 2001 46500027929 04/09/2017 04/09/2017 Monograph ( Printed materials)

 

Arrupe Library. PO Box MP320 Mt Pleasant, Harare, Zimbabwe
263 242 745411|librarian@aju.ac.zw